World Countries AND Capitals by Map - Statistics

General Stats
  • This quiz has been taken 22 times
  • The average score is 101 of 196
Answers on the Map
Answers color-coded by a green-red scale on the quiz's map according to % correct below.
 
Answer Stats
Country Capital % Correct
Ireland Dublin, Ireland
85%
United Kingdom London, United Kingdom
85%
Netherlands Amsterdam, Netherlands
77%
Greece Athens, Greece
77%
Iraq Baghdad, Iraq
77%
China Beijing, China
77%
Germany Berlin, Germany
77%
Switzerland Bern, Switzerland
77%
Belgium Brussels, Belgium
77%
Romania Bucharest, Romania
77%
Hungary Budapest, Hungary
77%
Denmark Copenhagen, Denmark
77%
Belarus Minsk, Belarus
77%
Norway Oslo, Norway
77%
Czech Republic Prague, Czech Republic
77%
Sweden Stockholm, Sweden
77%
Vatican City Vatican City, Vatican City
77%
Austria Vienna, Austria
77%
Poland Warsaw, Poland
77%
Andorra Andorra la Vella, Andorra
69%
Turkey Ankara, Turkey
69%
Thailand Bangkok, Thailand
69%
Colombia Bogotá, Colombia
69%
Brazil Brasília, Brazil
69%
Egypt Cairo, Egypt
69%
Australia Canberra, Australia
69%
Moldova Chișinău, Moldova
69%
Cuba Havana, Cuba
69%
Finland Helsinki, Finland
69%
Portugal Lisbon, Portugal
69%
Spain Madrid, Spain
69%
Russia Moscow, Russia
69%
India New Delhi, India
69%
France Paris, France
69%
Bulgaria Sofia, Bulgaria
69%
Albania Tirana, Albania
69%
Japan Tokyo, Japan
69%
Laos Vientiane, Laos
69%
United States Washington D.C., United States of America
69%
Croatia Zagreb, Croatia
69%
United Arab Emirates Abu Dhabi, United Arab Emirates
62%
Jordan Amman, Jordan
62%
Azerbaijan Baku, Azerbaijan
62%
Lebanon Beirut, Lebanon
62%
Slovakia Bratislava, Slovakia
62%
Venezuela Caracas, Venezuela
62%
Bangladesh Dhaka, Bangladesh
62%
East Timor Dili, East Timor
62%
Qatar Doha, Qatar
62%
Vietnam Hanoi, Vietnam
62%
Indonesia Jakarta, Indonesia
62%
Afghanistan Kabul, Afghanistan
62%
Kuwait Kuwait City, Kuwait
62%
Peru Lima, Peru
62%
Luxembourg Luxembourg, Luxembourg
62%
Mexico Mexico City, Mexico
62%
Monaco Monaco, Monaco
62%
Oman Muscat, Oman
62%
Bahamas Nassau, Bahamas
62%
Cyprus Nicosia, Cyprus
62%
Canada Ottawa, Canada
62%
Iceland Reykjavík, Iceland
62%
Italy Rome, Italy
62%
Costa Rica San José, Costa Rica
62%
San Marino San Marino, San Marino
62%
South Korea Seoul, South Korea
62%
Singapore Singapore, Singapore
62%
Taiwan Taipei, Taiwan
62%
Tunisia Tunis, Tunisia
62%
Mongolia Ulaanbaatar, Mongolia
62%
Liechtenstein Vaduz, Liechtenstein
62%
Malta Valletta, Malta
62%
New Zealand Wellington, New Zealand
62%
Armenia Yerevan, Armenia
62%
Algeria Algiers, Algeria
54%
Turkmenistan Ashgabat, Turkmenistan
54%
Serbia Belgrade, Serbia
54%
Belize Belmopan, Belize
54%
Guinea-Bissau Bissau, Guinea Bissau
54%
Argentina Buenos Aires, Argentina
54%
Djibouti Djibouti, Djibouti
54%
Pakistan Islamabad, Pakistan
54%
Israel Jerusalem, Israel
54%
Jamaica Kingston, Jamaica
54%
Malaysia Kuala Lumpur, Malaysia
54%
Ukraine Kyiv, Ukraine
54%
Philippines Manila, Philippines
54%
Panama Panama City, Panama
54%
Montenegro Podgorica, Montenegro
54%
Haiti Port-au-Prince, Haiti
54%
Kosovo Pristina, Kosovo
54%
North Korea Pyongyang, North Korea
54%
Morocco Rabat, Morocco
54%
Latvia Riga, Latvia
54%
Saudi Arabia Riyadh, Saudi Arabia
54%
Yemen Sana'a, Yemen
54%
Chile Santiago, Chile
54%
Bosnia and Herzegovina Sarajevo, Bosnia and Herzegovina
54%
Estonia Tallinn, Estonia
54%
Uzbekistan Tashkent, Uzbekistan
54%
Georgia Tbilisi, Georgia
54%
Honduras Tegucigalpa, Honduras
54%
Iran Tehran, Iran
54%
Lithuania Vilnius, Lithuania
54%
Nigeria Abuja, Nigeria
46%
Ethiopia Addis Ababa, Ethiopia
46%
Madagascar Antananarivo, Madagascar
46%
Kazakhstan Astana, Kazakhstan
46%
Senegal Dakar, Senegal
46%
Syria Damascus, Syria
46%
Tanzania Dodoma, Tanzania
46%
Tajikistan Dushanbe, Tajikistan
46%
Guyana Georgetown, Guyana
46%
Guatemala Guatemala City, Guatemala
46%
Zimbabwe Harare, Zimbabwe
46%
Uganda Kampala, Uganda
46%
Nepal Kathmandu, Nepal
46%
Saint Vincent and the Grenadines Kingstown, Saint Vincent and the Grenadines
46%
Bolivia La Paz or Sucre, Bolivia
46%
Slovenia Ljubljana, Slovenia
46%
Maldives Malé, Maldives
46%
Nicaragua Managua, Nicaragua
46%
Uruguay Montevideo, Uruguay
46%
Chad N'Djamena, Chad
46%
Cambodia Phnom Penh, Cambodia
46%
South Africa Pretoria, South Africa
46%
El Salvador San Salvador, El Salvador
46%
São Tomé and Príncipe São Tomé, São Tomé and Príncipe
46%
North Macedonia Skopje, North Macedonia
46%
Libya Tripoli, Libya
46%
Seychelles Victoria, Seychelles
46%
Namibia Windhoek, Namibia
46%
Ghana Accra, Ghana
38%
Eritrea Asmara, Eritrea
38%
Paraguay Asunción, Paraguay
38%
Mali Bamako, Mali
38%
Brunei Bandar Seri Begawan, Brunei
38%
Central African Republic Bangui, Central African Republic
38%
Gambia Banjul, Gambia
38%
Kyrgyzstan Bishkek, Kyrgyzstan
38%
Saint Lucia Castries, Saint Lucia
38%
Sierra Leone Freetown, Sierra Leone
38%
Botswana Gaborone, Botswana
38%
South Sudan Juba, South Sudan
38%
Sudan Khartoum, Sudan
38%
Democratic Republic of the Congo Kinshasa, Democratic Republic of the Congo
38%
Angola Luanda, Angola
38%
Zambia Lusaka, Zambia
38%
Bahrain Manama, Bahrain
38%
Somalia Mogadishu, Somalia
38%
Myanmar Naypyidaw, Myanmar
38%
Burkina Faso Ouagadougou, Burkina Faso
38%
Papua New Guinea Port Moresby, Papua New Guinea
38%
Trinidad and Tobago Port-of-Spain, Trinidad and Tobago
38%
Benin Porto Novo, Benin
38%
Vanuatu Port Vila, Vanuatu
38%
Cape Verde Praia, Cape Verde
38%
Antigua and Barbuda Saint John's, Antigua and Barbuda
38%
Dominican Republic Santo Domingo, Dominican Republic
38%
Fiji Suva, Fiji
38%
Bhutan Thimphu, Bhutan
38%
Cameroon Yaoundé, Cameroon
38%
Samoa Apia, Samoa
31%
Saint Kitts and Nevis Basseterre, Saint Kitts and Nevis
31%
Republic of the Congo Brazzaville, Republic of the Congo
31%
Barbados Bridgetown, Barbados
31%
Guinea Conakry, Guinea
31%
Tuvalu Funafuti, Tuvalu
31%
Burundi Gitega, Burundi
31%
Solomon Islands Honiara, Solomon Islands
31%
Gabon Libreville, Gabon
31%
Malawi Lilongwe, Malawi
31%
Togo Lomé, Togo
31%
Mozambique Maputo, Mozambique
31%
Lesotho Maseru, Lesotho
31%
Eswatini Mbabane, Eswatini
31%
Liberia Monrovia, Liberia
31%
Comoros Moroni, Comoros
31%
Kenya Nairobi, Kenya
31%
Palau Ngerulmud, Palau
31%
Niger Niamey, Niger
31%
Suriname Paramaribo, Suriname
31%
Ecuador Quito, Ecuador
31%
Dominica Roseau, Dominica
31%
Grenada Saint George's, Grenada
31%
Kiribati South Tarawa, Kiribati
31%
Ivory Coast Yamoussoukro, Ivory Coast
31%
Nauru Yaren, Nauru
31%
Rwanda Kigali, Rwanda
23%
Marshall Islands Majuro, Marshall Islands
23%
Equatorial Guinea Malabo, Equatorial Guinea
23%
Mauritania Nouakchott, Mauritania
23%
Tonga Nukuʻalofa, Tonga
23%
Federated States of Micronesia Palikir, Federated States of Micronesia
23%
Mauritius Port Louis, Mauritius
23%
Sri Lanka Sri Jayawardenapura Kotte, Sri Lanka
8%
No matching quizzes found
Score Distribution
Percent of People with Each Score
Percentile by Number Answered
Your Score History
You have not taken this quiz